Vrchol v hmle divadelná hra

Bibliographic Details
Main Author: Pastirčák, Daniel, 1959- (Author)
Format: Article
Language:Slovak
ISSN:0231-6714
Subjects:

MARC

LEADER 00000nab a2200000 a 4500
001 vtls008829658
003 SK-MaSNL
005 20260303062854.0
008 131118c2006 xo mr|p|||||||000 b|slo
015 |a SNBRB2006/07  |2 snkbucl 
038 |a SNKBUCL 
040 |a SNKBUCL  |b slo  |c SNKBUCL  |e AACR2 
041 0 |a slo 
044 |a xo  |c SK 
080 |a 821.162.4-2  |2 1997 
100 1 |a Pastirčák, Daniel,  |d 1959-  |4 aut  |9 15064 
245 1 0 |a Vrchol v hmle  |b divadelná hra  |c Daniel Pastirčák 
650 0 7 |a divadelné hry  |2 snkbucl  |9 79680 
773 0 |t Romboid  |g Roč. XXXXI, č. 4 (2006), s. 25-51  |x 0231-6714 
852 |a SNK  |b KIS3GCP 
958 |a LX 
958 |a SK 
999 |c 1740913  |d 1742843